| 000 | 00472cam a2200193ua 4500 | ||
|---|---|---|---|
| 001 | 7069 | ||
| 008 | 141122n ii |||gr||||Z||||||eng | ||
| 020 | _a9789327232325 | ||
| 040 | _cMAIN | ||
| 041 | _aeng | ||
| 082 | _a330 | ||
| 100 |
_aDhar, P.K., _eAuthor. |
||
| 245 | 1 |
_aIndian economy : _bIts growing dimensions / _cBy P.K. Dhar . |
|
| 250 | _a21th rev. | ||
| 260 |
_aNew Delhi: _bKalyani, _c2013. |
||
| 300 | _a1198p. | ||
| 653 | _aIndian economics | ||
| 942 | _cBK | ||
| 999 |
_c6198 _d6198 |
||